[Event "Olympiad Women 2024"]
[Site "Budapest HUN"]
[Date "2024.09.15"]
[Round "5.37"]
[Board "2"]
[White "Gabatshwarwe Refilwe"]
[Black "Ahmed, Walijah"]
[Result "1/2-1/2"]
[WhiteElo "1787"]
[BlackElo "1936"]
[PlyCount "75"]
[EventDate "2024.09.11"]
[WhiteTeam "Botswana"]
[BlackTeam "Bangladesh"]
[WhiteTeamCountry "BOT"]
[BlackTeamCountry "BAN"]

1. d4 d5 2. Nc3 Nf6 3. Bf4 c5 4. e4 e6 5. Bxb8 $146 ({RR} 5. dxc5 Bxc5 6. e5 Nfd7 7. Qg4 g6 8. Nf3 Nc6 9. Bd3 g5 10. Bxg5 Ndxe5 11. Nxe5 Nxe5 12. Qa4+ Qd7 13. Bb5 Nc6 14. O-O-O a6 15. Nxd5 exd5 16. Rhe1+ Kf8 17. Bh6+ Kg8 18. Qg4+ {1-0 Salimova,N (2416)-Corrales Jimenez,Z (2143) Olympiad Women-44 2022 (2.1)}) ({RR} 5. exd5 exd5 6. Nb5 Na6 7. c3 Be7 8. Nf3 O-O 9. Bd3 c4 10. Bc2 Bd7 11. a4 Re8 12. O-O Bf8 13. Ne5 Bc6 14. Qf3 Ne4 15. Rfe1 f5 16. Bg3 g6 17. Bxe4 dxe4 18. Qe2 Bd5 19. Nxc4 Re6 {1-0 Naroditsky,D (2619)-Sevian,S (2687) Bullet Chess Winners 2024 (3.11)}) ({RR} 5. Nb5 Na6 6. e5 Nd7 7. c3 cxd4 8. cxd4 Bb4+ 9. Bd2 O-O 10. Nf3 Be7 11. a3 Nc7 12. Nxc7 Qxc7 13. Bd3 Nb6 14. h4 h6 15. Rc1 Qd8 16. Bb1 f5 17. exf6 Rxf6 18. Qc2 Rf5 19. g4 Rf6 {1-0 Teh,W (1915)-Verma,S (2003) Hastings Weekend Open 2024 (5.3)}) ({RR} 5. exd5 Nxd5 6. Nxd5 Qxd5 7. Nf3 Nc6 8. dxc5 Qxd1+ 9. Rxd1 Bxc5 10. Bb5 Bd7 11. Ke2 a6 12. Ba4 Ke7 13. Rxd7+ Kxd7 14. Ne5+ Ke7 15. Bxc6 bxc6 16. Rd1 f6 17. Nxc6+ Ke8 18. b4 Rc8 19. bxc5 Rxc6 {1-0 Kilic,E (2414)-Lymar,V (2109) Titled Tue 30th May Early 2023 (3)}) ({RR} 5. Nb5 Na6 6. e5 Nd7 7. c3 cxd4 8. cxd4 Bb4+ 9. Bd2 O-O 10. f4 Be7 11. Qb3 Ndb8 12. Nf3 Nc6 13. a3 Nc7 14. Nxc7 Qxc7 15. Rc1 Qd8 16. Bd3 f5 17. exf6 gxf6 18. O-O Rf7 19. Bc3 Rg7 {0-1 Mueller,M (2004)-Lange,J (2085) GER-chT Lands U20 2022 (5.5)}) 5... Rxb8 6. exd5 Nxd5 7. Nxd5 Qxd5 8. Bb5+ Bd7 9. Bxd7+ Qxd7 10. Nf3 cxd4 11. Qxd4 Qxd4 12. Nxd4 Be7 13. Rd1 O-O 14. O-O Bf6 15. c3 Rfd8 16. Nb3 b6 17. f3 Kf8 18. Kf2 Ke7 19. Ke3 g6 20. Ke2 h5 21. g3 Bg7 22. h3 h4 23. g4 f5 24. Rg1 Rxd1 25. Rxd1 e5 26. Na1 Ke6 27. Nc2 Bf8 28. Ne3 Rc8 29. gxf5+ gxf5 30. Rg1 Be7 31. Rg7 Rh8 32. Rg6+ Bf6 33. c4 Kf7 34. Rg2 Ke6 35. Nd5 Kf7 36. b3 Bd8 37. Nb4 Rh6 38. Nd5 1/2-1/2

[Event "Olympiad Women 2024"]
[Site "Budapest HUN"]
[Date "2024.09.15"]
[Round "5.37"]
[Board "3"]
[White "Wadifa, Ahmed"]
[Black "Mosweu, Atlang Amolemo"]
[Result "1/2-1/2"]
[WhiteElo "1988"]
[BlackElo "1797"]
[PlyCount "83"]
[EventDate "2024.09.11"]
[WhiteTeam "Bangladesh"]
[BlackTeam "Botswana"]
[WhiteTeamCountry "BAN"]
[BlackTeamCountry "BOT"]

1. e4 c6 2. d4 d5 3. e5 c5 4. c3 Nc6 5. Nf3 Bg4 6. Bb5 e6 7. O-O Nge7 ({RR} 7... Rc8 8. h3 Bh5 9. Be2 Qb6 10. dxc5 Bxc5 11. b4 Bf8 12. Re1 Nge7 13. a4 Bxf3 14. Bxf3 Ng6 15. a5 Qc7 16. Na3 a6 17. Be3 Be7 18. Bb6 Qb8 19. b5 axb5 20. Nxb5 Ncxe5 21. Ba7 Nxf3+ 22. Qxf3 {½-½ Garayev,K (2356)-Mendonca,L (2622) AI Cup Play-In 2023 (9)}) 8. Nbd2 $146 ({RR} 8. Na3 a6 9. Bxc6+ Nxc6 10. Nc2 cxd4 11. cxd4 Qb6 12. b3 Rc8 13. Bb2 Be7 14. Qd2 O-O 15. Rfc1 a5 16. Bc3 Rc7 17. Ne3 Bxf3 18. gxf3 Ba3 19. Rd1 Rfc8 20. Bb2 Bxb2 21. Qxb2 Nb4 22. Rac1 Rc6 {0-1 Bobrovski,A-Maksoev,G (1983) Moscow Region Spring-A 2011 (1)}) ({RR} 8. h3 Bxf3 9. Qxf3 Qb6 10. Qd3 cxd4 11. cxd4 O-O-O 12. Be3 Kb8 13. Bxc6 Nxc6 14. a3 f6 15. f4 Be7 16. Nd2 f5 17. b4 h6 18. Nb3 Rdg8 19. b5 Na5 20. Nxa5 Qxa5 21. a4 g5 22. Bd2 Bb4 {½-½ Suarez Fernandez,P-Blazquez Lopez,B Asturias-chT40 Primera B 1999 (2)}) ({RR} 8. Na3 a6 9. Bxc6+ Nxc6 10. Nc2 cxd4 11. cxd4 Qb6 12. Be3 Be7 13. b3 O-O 14. Rc1 f6 15. Nce1 fxe5 16. dxe5 Qa5 17. a4 Nxe5 18. Qd4 Nxf3+ 19. Nxf3 Bxf3 20. gxf3 Bd6 21. Qg4 Rf6 22. Kh1 Rg6 {0-1 Durica,A (1888)-Petran,P (2316) Bratislava Slovan op 2014 (1)}) 8... Qb6 9. a4 a6 10. dxc5 Qxc5 11. Bxc6+ Nxc6 12. h3 Bxf3 13. Nxf3 Qb6 14. Qe2 Be7 15. Rd1 O-O 16. Nd4 Rac8 17. Kh1 Nxd4 18. Rxd4 Rc4 19. Rxc4 dxc4 20. Be3 Bc5 21. a5 Qb5 22. Bg5 Re8 23. f4 Be7 24. Bxe7 Rxe7 25. Rd1 Re8 26. Kh2 Rc8 27. Qd2 Qxa5 28. Qd7 Rf8 29. Qxb7 Qb5 30. Qe7 g6 31. Rd4 Qxb2 32. Rxc4 Qe2 33. Rd4 h5 34. h4 Qe3 35. Rc4 Qe2 36. Rc7 Qe4 37. Qf6 a5 38. c4 a4 39. c5 Qe3 40. c6 a3 41. Rxf7 Rxf7 42. Qxg6+ 1/2-1/2

[Event "Olympiad Women 2024"]
[Site "Budapest HUN"]
[Date "2024.09.15"]
[Round "5.38"]
[Board "2"]
[White "Silva, Mariana"]
[Black "Likando Namakau"]
[Result "1-0"]
[WhiteElo "2005"]
[BlackElo "1746"]
[PlyCount "95"]
[EventDate "2024.09.11"]
[WhiteTeam "Portugal"]
[BlackTeam "Zambia"]
[WhiteTeamCountry "POR"]
[BlackTeamCountry "ZAM"]

1. d4 d5 2. c4 e6 3. Nc3 c6 4. cxd5 exd5 5. Bf4 Bd6 6. Bxd6 Qxd6 7. e3 Nf6 8. Bd3 Nbd7 9. Nf3 Nb6 $146 ({RR} 9... b6 10. Rc1 Bb7 11. O-O O-O 12. a3 c5 13. dxc5 bxc5 14. Nb5 Qb6 15. b3 a6 16. Nc3 h6 17. Na4 Qd6 18. Bc4 Qe6 19. Bd3 Ne5 20. Nxc5 Nxf3+ 21. Qxf3 Qb6 22. Nxb7 Qxb7 23. b4 Qd7 24. Rc5 {1-0 Liu,E (1615)-Tu,L (1554) PNWCC Online blitz JP 2nd 2020 (11)}) ({RR} 9... Nf8 10. Ne5 N6d7 11. f4 g6 12. O-O f6 13. Nf3 f5 14. Ne5 Nf6 15. Kh1 Be6 16. Rb1 N8d7 17. b4 O-O 18. Na4 b6 19. Qc2 Rac8 20. Rfc1 Nb8 21. a3 Ng4 22. Qd2 Qe7 23. h3 Nxe5 24. dxe5 {1-0 Sarana,A (2685)-Bartel,M (2625) chess.com SpeedChess Q1Sw 2023 (7)}) ({RR} 9... O-O 10. O-O Re8 11. Qc2 g6 12. Rab1 a5 13. a3 Nh5 14. Rfc1 Ng7 15. Na4 Rb8 16. b4 axb4 17. axb4 b5 18. Nc5 Nb6 19. Ra1 Nc4 20. Ra7 Bf5 21. Rca1 Bxd3 22. Qxd3 Ne6 23. h3 Nxc5 24. dxc5 {½-½ Plyasunov,D (2291)-Stanojevic,I (2198) Titled Tue 6th Aug Early 2024 (8)}) ({RR} 9... O-O 10. O-O Re8 11. Qc2 Nf8 12. h3 Qe7 13. Rab1 Ne4 14. b4 a6 15. a4 Bd7 16. Ne5 Nxc3 17. Qxc3 Rac8 18. Rfc1 f6 19. Nf3 g5 20. Qc5 Qxc5 21. Rxc5 Ne6 22. Rc3 Ng7 23. Rbc1 Bf5 24. Bf1 {1-0 Koelle,T (2458)-Maisch,J (2196) Wuerttemberg IMT 2023 (4.5)}) 10. h3 h6 11. O-O Be6 12. Qc2 O-O 13. Rab1 Nbd7 14. b4 a6 15. a4 Rfc8 16. Rfc1 b5 17. a5 Ne8 18. Ne2 Qb8 19. Nf4 Nd6 20. Nxe6 fxe6 21. Qc3 Nc4 22. Bc2 Nf6 23. Nd2 Qc7 24. f3 Qg3 25. Nf1 Qc7 26. Qd3 g5 27. e4 Qg7 28. Ng3 Qf7 29. e5 Ne8 30. Rf1 Rc7 31. f4 gxf4 32. Ne2 Qf5 33. Qc3 Qg5 34. Rxf4 Rg7 35. Qf3 Nc7 36. Rf1 Qe7 37. Qc3 Qg5 38. R1f2 Rd8 39. Kh1 h5 40. Qf3 Qe7 41. Qxh5 Qg5 42. Bh7+ Kh8 43. Rf8+ Rg8 44. Qxg5 Rdxf8 45. Rxf8 Rxf8 46. Qh6 Rf1+ 47. Kh2 Re1 48. Bg6+ 1-0

[Event "Olympiad Women 2024"]
[Site "Budapest HUN"]
[Date "2024.09.15"]
[Round "5.39"]
[Board "4"]
[White "Shabanaj, Eglantina"]
[Black "Zengeni, Tatenda Melisa"]
[Result "1-0"]
[WhiteElo "1957"]
[BlackElo "1732"]
[PlyCount "99"]
[EventDate "2024.09.11"]
[WhiteTeam "Albania"]
[BlackTeam "Zimbabwe"]
[WhiteTeamCountry "ALB"]
[BlackTeamCountry "ZIM"]

1. d4 Nf6 2. c4 e6 3. Nc3 Bb4 4. Qc2 d5 5. Bg5 O-O 6. e3 b6 ({RR} 6... h6 7. Bh4 c5 8. dxc5 Nc6 9. O-O-O g5 10. Bg3 Bxc3 11. Qxc3 Ne4 12. Qa3 Qf6 13. f3 Nxg3 14. hxg3 d4 15. exd4 Nxd4 16. Ne2 Nxe2+ 17. Bxe2 e5 18. Qe3 Be6 19. Bd3 Rac8 20. Rhe1 e4 21. Qxe4 {1-0 Sumets,A (2604)-Dvirnyy,D (2461) Milan Crespi op-A 30th 2009 (3)}) 7. Nf3 ({RR} 7. cxd5 exd5 8. Bd3 h6 9. Bh4 c5 10. Nf3 Nc6 11. a3 Bxc3+ 12. bxc3 Bg4 13. O-O c4 14. Be2 Bh5 15. Ne5 Bxe2 16. Qxe2 g5 17. Nxc6 Qd6 18. Bg3 Qxc6 19. f4 Ne4 20. fxg5 hxg5 21. Qh5 Kg7 {0-1 Ardila,O (1971)-Gao,R (2001) Titled Tue 9th Jul Late 2024 (6)}) 7... Bb7 8. Bd3 h6 9. Bxf6 $146 ({RR} 9. Bh4 Nbd7 10. cxd5 exd5 11. O-O Rc8 12. Bf5 Be7 13. Ne5 g5 14. Bg3 a6 15. Qe2 Rb8 16. f4 Nxe5 17. fxe5 Ne8 18. Bc2 f5 19. Bxf5 Ng7 20. Bc2 Bc8 21. Rxf8+ Bxf8 22. Rf1 Be6 23. Qd3 Bf5 {1-0 Tyda,K (2052)-Suliborski,J (1795) Gdansk op 2009 (4)}) ({RR} 9. Bh4 Nbd7 10. O-O Rc8 11. cxd5 exd5 12. Bf5 Be7 13. Ne5 g5 14. Bg3 Qe8 15. f4 Nxe5 16. fxe5 Nd7 17. Qe2 c5 18. Qg4 Rd8 19. h4 a6 20. Bf4 f6 21. hxg5 fxg5 22. Be6+ Kh8 23. Bxd7 Qxd7 {1-0 Pontes,A (2001)-Riboldi,M (1696) American Continental 06th 2009 (7)}) 9... Qxf6 10. cxd5 Bxd5 11. e4 Bb7 12. O-O Nc6 13. e5 Qd8 14. Be4 Na5 15. a3 Bxe4 16. Nxe4 Be7 17. b4 Nb7 18. Rac1 Qd5 19. Rfd1 Rfc8 20. Nc3 Qd7 21. d5 Bd8 22. Qe4 Rab8 23. dxe6 Qxe6 24. Nd4 Qg6 25. Nf5 Kh7 26. Nb5 c5 27. Nxa7 Rc7 28. Nb5 Rcc8 29. Nbd6 Nxd6 30. Rxd6 f6 31. Rd7 Rc7 32. Rcd1 cxb4 33. axb4 Rbc8 34. h4 Rxd7 35. Rxd7 Rc1+ 36. Kh2 Bc7 37. Rxg7+ Qxg7 38. Nxg7+ Kxg7 39. Qg4+ Kf8 40. Qg6 Bxe5+ 41. g3 Rc4 42. Qxh6+ Ke7 43. f4 Bd4 44. Qg7+ Kd6 45. h5 Rc2+ 46. Kh3 Rc1 47. h6 Rh1+ 48. Kg2 Rg1+ 49. Kf3 Rf1+ 50. Ke2 1-0

[Event "Olympiad Women 2024"]
[Site "Budapest HUN"]
[Date "2024.09.15"]
[Round "5.40"]
[Board "3"]
[White "Kinoshita, Kanako"]
[Black "Otazo Sanchez, Annyd Gabriela"]
[Result "1/2-1/2"]
[WhiteElo "1822"]
[BlackElo "1976"]
[PlyCount "136"]
[EventDate "2024.09.11"]
[WhiteTeam "Japan"]
[BlackTeam "Venezuela"]
[WhiteTeamCountry "JPN"]
[BlackTeamCountry "VEN"]

1. e4 e5 2. Nf3 Nf6 3. Nxe5 d6 4. Nf3 Nxe4 5. Nc3 Nxc3 6. dxc3 Be7 7. Be3 O-O 8. Qd2 Nd7 9. O-O-O c6 10. Bd3 ({RR} 10. h4 d5 11. Kb1 Re8 12. Bd3 Bc5 13. Rde1 Bxe3 14. Rxe3 Rxe3 15. Qxe3 Nf6 16. Re1 Qd6 17. Qe8+ Qf8 18. Qxf8+ Kxf8 19. Kc1 Bd7 20. c4 dxc4 21. Bxc4 Re8 22. Rxe8+ Bxe8 23. Kd2 Ke7 24. Ne5 Nd7 {½-½ Aronian,L (2780)-Caruana,F (2827) Olympiad-43 Batumi 2018 (10.1)}) 10... d5 11. Kb1 ({RR} 11. h4 Nc5 12. Bxc5 Bxc5 13. Ng5 h6 14. Nh7 Re8 15. g4 Bxg4 16. Rdg1 h5 17. Ng5 Qf6 18. Rg2 Bd6 19. Kb1 Bf4 20. Bh7+ Kh8 21. Qd3 Bxg5 22. hxg5 Qe6 23. b3 Be2 24. Bf5 Qe5 25. Qh3 g6 {0-1 Ferrufino,M (1811)-Otazo Sanchez,A (1932) Olympiad Women-44 2022 (7.2)}) 11... Nc5 12. Rde1 $146 ({RR} 12. h4 Nxd3 13. Qxd3 Qd6 14. c4 Rd8 15. cxd5 Qxd5 16. Qxd5 cxd5 17. Nd4 Bd7 18. Nb3 Bf5 19. Nd4 Bd7 20. Nb3 Bf5 21. Nd4 {½-½ Eljanov,P (2680)-Mchedlishvili,M (2571) Sharjah Masters 4th 2021 (9)}) ({RR} 12. Bxc5 Bxc5 13. Rde1 b5 14. h4 Qd6 15. g4 b4 16. cxb4 Bxb4 17. c3 Ba5 18. Bc2 Rb8 19. Ne5 Qc5 20. Ka1 d4 21. Qd3 g6 22. b4 Rxb4 23. cxb4 Bxb4 24. Bb3 Bc3+ 25. Kb1 Qa3 26. Nc4 Qb4 {1-0 Omonova,U (2102)-Otazo,A (1976) BRICS Games Blitz Women 2024 (6.5)}) ({RR} 12. Rdg1 Ne4 13. Qc1 Re8 14. g4 Bc5 15. Bxe4 dxe4 16. Nd4 Bxd4 17. Bxd4 c5 18. Bxc5 Be6 19. Qe3 Qd5 20. b3 b5 21. Rd1 Qc6 22. Bd4 f6 23. g5 f5 24. Bc5 f4 25. Qd4 Rad8 26. Qxd8 Rxd8 {1-0 Guo,A (2424)-Ling,E (1989) North American-ch U20 2021 (3)}) ({RR} 12. h4 Nxd3 13. Qxd3 Qd6 14. c4 Rd8 15. cxd5 Qxd5 16. Qxd5 cxd5 17. Nd4 Bd7 18. Nb3 Bf5 19. Nd4 Bd7 20. Nb3 Bf5 21. Nd4 {½-½ Aronian,L (2765)-Caruana,F (2832) London Classic 10th 2018 (2.2)}) 12... Nxd3 13. Qxd3 Bf6 14. h4 h6 15. Ng5 g6 16. Nh3 Bf5 17. Qd2 h5 18. Bd4 Kg7 19. f3 Bxh3 20. Rxh3 Bxd4 21. cxd4 Qf6 22. g4 Rh8 23. g5 Qf5 24. Qh2 Rhe8 25. Rxe8 Rxe8 26. b4 Re3 27. Kb2 Qe6 28. Qf4 Re2 29. Rh2 Re1 30. Rf2 Qf5 31. Qd2 Rh1 32. Rh2 Qxf3 33. Rxh1 Qxh1 34. Qf4 Qe4 35. Qf2 Qe7 36. Kb3 f6 37. Qf4 fxg5 38. hxg5 b6 39. a4 a5 40. c3 Qf7 41. Qe5+ Kh7 42. Qd6 Qb7 43. b5 cxb5 44. axb5 Qc8 45. Qc6 Qd8 46. Qe6 Kg7 47. Qe5+ Kg8 48. Qe6+ Kg7 49. c4 dxc4+ 50. Qxc4 Qxg5 51. Qc7+ Kh6 52. Qxb6 Qe3+ 53. Kc4 Qe2+ 54. Kc5 Qc2+ 55. Kd6 a4 56. d5 Qh2+ 57. Kc6 Qc2+ 58. Kb7 a3 59. Qe3+ g5 60. Qxa3 h4 61. Qe7 Qh7 62. d6 h3 63. Qxh7+ Kxh7 64. d7 h2 65. d8=Q h1=Q+ 66. Kb8 Qh2+ 67. Qc7+ Qxc7+ 68. Kxc7 g4 1/2-1/2

[Event "Olympiad Women 2024"]
[Site "Budapest HUN"]
[Date "2024.09.15"]
[Round "5.41"]
[Board "2"]
[White "Jorquera Cabello, Valentina"]
[Black "Rivera Negron, Yanira"]
[Result "1-0"]
[WhiteElo "1919"]
[BlackElo "1805"]
[PlyCount "113"]
[EventDate "2024.09.11"]
[WhiteTeam "Chile"]
[BlackTeam "Puerto Rico"]
[WhiteTeamCountry "CHI"]
[BlackTeamCountry "PUR"]

1. e4 e6 2. d4 d5 3. Bd3 c5 4. c3 dxe4 5. Bxe4 Nf6 6. Bf3 cxd4 7. cxd4 Bb4+ ({RR} 7... Be7 8. Ne2 O-O 9. O-O Nbd7 10. Nbc3 Bd6 11. Ng3 h6 12. Nge4 Nxe4 13. Nxe4 Bc7 14. Qb3 Rb8 15. Be3 Nf6 16. Nxf6+ Qxf6 17. d5 b6 18. Qa3 exd5 19. Qxa7 Be5 20. Bxd5 Bf5 21. Rac1 Bxh2+ 22. Kxh2 {0-1 Arjun,V (2394)-Kosic,D (2482) Budapest FS10 GM 2007 (5)}) 8. Nc3 O-O 9. Nge2 Nbd7 ({RR} 9... Nc6 10. O-O Be7 11. Bf4 Nb4 12. a3 Nbd5 13. Be5 Qb6 14. Rb1 Bd7 15. Re1 Bc6 16. Nxd5 Bxd5 17. Bxd5 Nxd5 18. Ng3 g6 19. Qd2 f6 20. Bf4 Rfe8 21. Re4 Rad8 22. Rbe1 Bf8 23. Qe2 Nxf4 24. Rxf4 {1-0 Winkels,M (1924)-Yavorovsky,V (2318) Titled Tue 16th Jul Early 2024 (3)}) 10. Bf4 $146 ({RR} 10. O-O Nb6 11. Nf4 Nfd5 12. Ncxd5 exd5 13. Qb3 Bd6 14. Re1 Re8 15. Rxe8+ Qxe8 16. Bd2 Bxf4 17. Bxf4 Be6 18. Rc1 Rc8 19. Qd1 Rxc1 20. Qxc1 {½-½ Indrebo,K (1730)-Bryn,A (2036) Gibraltar Challengers-B 8th 2010 (5)}) 10... Nb6 11. O-O Nbd5 12. Bg5 Qa5 13. Bd2 Rb8 14. a3 Bxc3 15. Nxc3 Qb6 16. Nxd5 Nxd5 17. Bc3 Bd7 18. Qd2 Rfc8 19. Rfe1 Bc6 20. Ba5 Qa6 21. Be2 Bb5 22. Bd1 Qc6 23. Bb3 b6 24. Rac1 Qd7 25. Bc3 Qb7 26. Qg5 Bc4 27. Bc2 Qe7 28. Qxe7 Nxe7 29. Bb4 Nd5 30. Bd6 Ra8 31. Be4 Bb3 32. h3 g6 33. Be5 h5 34. Bf3 a5 35. h4 Rc4 36. Bxd5 exd5 37. Rc3 Ba4 38. Rce3 Bd7 39. Bf6 Be6 40. Rb3 Rb8 41. Rc3 Rbc8 42. Ree3 Kf8 43. Rb3 R4c6 44. Rb5 Kg8 45. Reb3 a4 46. Rc3 Rxc3 47. bxc3 Rc6 48. Be5 Kf8 49. Bb8 Ke7 50. Ba7 Rxc3 51. Bxb6 Rb3 52. Bc5+ Kf6 53. Ra5 Bd7 54. Bb4 Bc6 55. Ra6 Rb1+ 56. Kh2 Rc1 57. Bc5 1-0

[Event "Olympiad Women 2024"]
[Site "Budapest HUN"]
[Date "2024.09.15"]
[Round "5.42"]
[Board "1"]
[White "Widjayanti, Lindri Juni"]
[Black "Sawan, Eman"]
[Result "0-1"]
[WhiteElo "2155"]
[BlackElo "1972"]
[PlyCount "102"]
[EventDate "2024.09.11"]
[WhiteTeam "Indonesia"]
[BlackTeam "Palestine"]
[WhiteTeamCountry "INA"]
[BlackTeamCountry "PLE"]

1. e4 c5 2. Nf3 d6 3. d4 cxd4 4. Nxd4 Nf6 5. Nc3 a6 6. Bg5 Nbd7 7. f4 Qc7 8. Be2 ({RR} 8. Qe2 e5 9. Nf5 h6 10. Bxf6 Nxf6 11. Ne3 exf4 12. Ned5 Nxd5 13. Nxd5 Qa5+ 14. Qd2 Qxd2+ 15. Kxd2 Rb8 16. Nxf4 Be7 17. Bc4 Bg5 18. Raf1 Be6 19. Bxe6 fxe6 20. Kd3 Bxf4 21. Rxf4 Rf8 22. Rxf8+ Kxf8 {½-½ Radjabov,T (2756)-Ivanchuk,V (2746) Bazna Kings 3rd 2009 (10)}) 8... e6 9. f5 $146 ({RR} 9. O-O Be7 10. Kh1 O-O 11. a4 Nc5 12. Bf3 Bd7 13. Qe1 e5 14. Nf5 Bxf5 15. exf5 Rac8 16. Rd1 Ncd7 17. Bd5 Nb6 18. Bb3 Nh5 19. Bxe7 Qxe7 20. Rd3 Nf6 21. Qh4 e4 22. Re1 Rxc3 23. Rxc3 d5 {1-0 Zalba Esteban,P (1975)-Garrido Lluy,J (1808) Mallorca-chB 2011 (1)}) ({RR} 9. Bf3 Be7 10. O-O h6 11. Bh4 Nxe4 12. Bxe4 Bxh4 13. Nxe6 fxe6 14. Qh5+ Kd8 15. Qxh4+ Nf6 16. Rad1 Qc5+ 17. Kh1 Kc7 18. Qg3 Rg8 19. b4 Qxb4 20. f5 Qc5 21. Rfe1 Rb8 22. fxe6 {1-0 Unlu,A (1779)-Kocakose,O (1410) TCh-TUR 2nd League 2023 (2.66)}) ({RR} 9. Bh5 Nxh5 10. Qxh5 Nf6 11. Bxf6 gxf6 12. O-O-O Qc5 13. e5 f5 14. Rhe1 Bg7 15. Nxf5 {1-0 Tolush,A-Gurgenidze,B URS-ch24 Quarterfinal 1956}) ({RR} 9. Bh5 g6 10. Bf3 e5 11. Nde2 h6 12. Bh4 Be7 13. Bf2 b6 14. Qd2 Bb7 15. Be3 O-O-O 16. Ng3 h5 17. Nd5 Nxd5 18. exd5 f5 19. a4 Bf6 20. O-O h4 21. Nh1 exf4 22. Bxf4 Bxb2 23. Rab1 Bc3 {0-1 Safvat,Y-Filip,M Olympiad-12 Preliminaries D 1956 (3)}) 9... e5 10. Nb3 Be7 11. g4 h6 12. Be3 b5 13. a3 Bb7 14. Bf3 Rc8 15. Qe2 Nb6 16. Bxb6 Qxb6 17. Qf2 Qxf2+ 18. Kxf2 Rxc3 19. bxc3 Nxe4+ 20. Kg2 Bh4 21. a4 O-O 22. axb5 axb5 23. Ra7 Bd5 24. Rd1 Bc6 25. Ra6 Bb7 26. Rb6 Ba8 27. Ra1 d5 28. Rxb5 Nxc3 29. Rba5 Bb7 30. Nc5 Bc6 31. R1a3 Nb5 32. Rb3 Nd4 33. Rb6 Bd8 34. Rxc6 Nxc6 35. Ra8 e4 36. Bd1 e3 37. Bf3 Re8 38. Nd3 e2 39. Bxd5 Nb4 40. Bf3 Nxd3 41. Bxe2 Nf4+ 42. Kf3 Nxe2 43. Rc8 Nd4+ 44. Kg2 Kf8 45. c3 Ne2 46. Rc6 Bf6 47. c4 Nd4 48. Rc5 Re2+ 49. Kg1 Nf3+ 50. Kf1 Rxh2 51. Rd5 Bh4 0-1

[Event "Olympiad Women 2024"]
[Site "Budapest HUN"]
[Date "2024.09.15"]
[Round "5.42"]
[Board "2"]
[White "Hamouri, Taqwa"]
[Black "Nugroho, Angel Ruth"]
[Result "0-1"]
[WhiteElo "1845"]
[BlackElo "1939"]
[PlyCount "86"]
[EventDate "2024.09.11"]
[WhiteTeam "Palestine"]
[BlackTeam "Indonesia"]
[WhiteTeamCountry "PLE"]
[BlackTeamCountry "INA"]

1. e4 {Dolmatov,Sergey} c6 2. Nf3 d5 3. Nc3 Bg4 4. h3 Bxf3 5. Qxf3 Nf6 6. d3 e6 7. g3 Bb4 8. Bd2 d4 9. Nb1 Qb6 10. b3 Bxd2+ 11. Nxd2 Qc5 12. Qd1 a5 13. a3 Na6 $146 ({RR} 13... g5 14. Bg2 Rg8 15. O-O Nbd7 16. Nc4 Ke7 ({RR} 16... b5 17. Nxa5) ({RR} 16... Ne5 17. b4 axb4 18. axb4) 17. Qe1 ({RR} 17. Qe2 Nb6 18. e5 Nfd5) 17... Nb6 18. f4 Nxc4 19. bxc4 gxf4 20. Rxf4 ({RR} 20. gxf4 Qh5 ({RR} 20... Rg7 21. Qh4 Rag8 22. Rf2)) 20... Nd7 21. Qf2 Raf8 ({RR} 21... Ne5 22. Rf6 Rg6 23. Rf1 Rag8) 22. Rb1 b6 23. Rf1 f6 24. Rh4 Rg7 25. g4 Qxa3 26. Qxd4 Qc5 27. Qf2 Qxf2+ 28. Kxf2 {1-0 Morovic Fernandez,I (2590)-Granda Zuniga,J (2610) Olympiad-32 Yerevan 1996 (2.1)} {RR} e5 29. Ke3 b5) ({RR} 13... Nbd7 14. Bg2 O-O 15. O-O a4 16. b4 Qe7 17. f4 Nb6 18. g4 c5 19. bxc5 Qxc5 20. g5 Nfd7 21. Rf2 Rac8 22. Nf1 Qe7 23. h4 Rc3 24. Ng3 Rfc8 25. f5 Qd6 26. Nh5 e5 27. Bh3 R8c6 28. f6 {0-1 Arancibia Guzman,E (2340)-Yanez,W Olympiad-32 Yerevan 1996 (10.4)}) ({RR} 13... h5 14. h4 Nbd7 15. Bg2 Ng4 16. O-O g5 17. b4 Qe7 18. Nf3 gxh4 19. Nxh4 Nde5 20. Qd2 Rg8 21. Qf4 f6 22. bxa5 Rxa5 23. Rfb1 b5 24. Nf3 Ra4 25. Bh3 Nxf3+ 26. Qxf3 Kd7 27. Kg2 Qg7 28. Rb4 {1-0 Fischer,R-Benko,P Candidates Tournament 1959 (24)}) 14. Bg2 Nc7 15. f4 a4 16. b4 Qe7 17. O-O h5 18. Qe2 Nb5 19. Qf2 Qc7 20. Nc4 Nd7 21. g4 hxg4 22. hxg4 O-O-O 23. e5 f6 24. Rae1 Rde8 25. Re4 fxe5 26. Nxe5 Rhf8 27. Nxd7 Qxd7 28. g5 e5 29. Qf3 Kb8 30. Bh3 Qd8 31. Qg3 exf4 32. Rexf4 Rxf4 33. Rxf4 Ka7 34. Qf2 Qxg5+ 35. Bg2 Re3 36. Re4 Rxe4 37. dxe4 Qc1+ 38. Kh2 Qxa3 39. e5 Qe3 40. Qf5 g5 41. Kh1 a3 42. e6 a2 43. Qf1 Qc3 0-1

[Event "Olympiad Women 2024"]
[Site "Budapest HUN"]
[Date "2024.09.15"]
[Round "5.42"]
[Board "4"]
[White "Natsheh, Wajd"]
[Black "Adeline, Clementia"]
[Result "0-1"]
[WhiteElo "1739"]
[BlackElo "1550"]
[PlyCount "126"]
[EventDate "2024.09.11"]
[WhiteTeam "Palestine"]
[BlackTeam "Indonesia"]
[WhiteTeamCountry "PLE"]
[BlackTeamCountry "INA"]

1. d4 d5 2. Nc3 Nf6 3. Bg5 Nbd7 4. e4 dxe4 5. f3 exf3 ({RR} 5... e3 6. Bxe3 e6 7. Bd3 c5 8. Nge2 cxd4 9. Nxd4 a6 10. O-O Bc5 11. Qe2 O-O 12. Rad1 Qc7 13. Kh1 Ne5 14. Ne4 Nxd3 15. Qxd3 Nxe4 16. Qxe4 Bd7 17. c3 Rad8 18. Bg5 Rde8 19. Bf4 Qc8 20. Nb3 {0-1 Moiseenko,V (2526)-Gutenev,A (2469) Wch Blitz Moscow 2019 (21)}) 6. Qxf3 e6 7. Bc4 $146 ({RR} 7. O-O-O Be7 8. Bd3 c6 9. Nh3 h6 10. Bd2 Nb6 11. Qg3 g5 12. Nf2 Nbd5 13. Nfe4 Nh5 14. Qf3 Nhf4 15. Bc4 b5 16. Bb3 a5 17. a4 Ba6 18. g3 Nxc3 19. Nxc3 Nd5 20. axb5 Bxb5 21. Nxb5 cxb5 {0-1 Philippe,G (2210)-Ostermeyer,P (2470) Mitropa Cup-09 1984 (6)}) ({RR} 7. O-O-O c6 8. Bc4 Be7 9. Nge2 O-O 10. Rhf1 Nd5 11. Bxe7 Qxe7 12. Rde1 Qg5+ 13. Kb1 Ne3 14. Bd3 Nxf1 15. Rxf1 Nf6 16. Nf4 Bd7 17. h4 Qa5 18. g4 e5 19. dxe5 Bxg4 20. Qg3 Qxe5 21. Re1 Qd6 {0-1 Varriale,L (2175)-Ambrogi,A (2190) Titled Tue 28th May Late 2024 (4)}) ({RR} 7. O-O-O c6 8. Bd3 Be7 9. Nge2 Nd5 10. Bd2 N7f6 11. h4 Nxc3 12. Nxc3 Qxd4 13. Be2 Qb6 14. Qg3 Bd7 15. Na4 Qd4 16. Nc3 Qb6 17. Rhf1 Rg8 18. Na4 Qd4 19. Qb3 b5 20. Nc3 Qb4 21. Bf3 Qxb3 {0-1 Hadzala,D (2099)-Havelka,P (1957) Ricany op-A 2008 (9)}) 7... Nb6 8. Qd3 Nxc4 9. Qxc4 Be7 10. Nf3 c6 11. O-O O-O 12. Rad1 Nd5 13. Bd2 Nxc3 14. Bxc3 Qd5 15. Qe2 b5 16. b3 b4 17. Bb2 a5 18. Qf2 f6 19. Qh4 a4 20. Ne5 Ra7 21. Nd3 Ba6 22. Qf2 axb3 23. axb3 Bxd3 24. Rxd3 Ra2 25. Bc1 c5 26. Rh3 Qxd4 27. Be3 Qe4 28. Rc1 Qf5 29. Qe2 Rfa8 30. Rf3 Qe5 31. Rff1 Ra1 32. Qd3 Rxc1 33. Rxc1 Rd8 34. Qe2 Rd4 35. Qf3 Re4 36. Bf2 Qf4 37. Qd1 Re5 38. c4 Rf5 39. Rc2 Kf7 40. Re2 h5 41. Be3 Qe5 42. Bf2 Qf4 43. Be3 Qg4 44. h3 Qg3 45. Bf2 Qd6 46. Rd2 Qf4 47. Re2 Bd6 48. g3 Qf3 49. Qe1 Re5 50. Re3 Rxe3 51. Qxe3 Qxe3 52. Bxe3 f5 53. Kg2 e5 54. h4 f4 55. Bf2 Ke6 56. gxf4 e4 57. Be3 Kf5 58. Kg3 g6 59. Bd2 e3 60. Bxe3 Ke4 61. Bc1 Kd3 62. Bb2 Kc2 63. Be5 Be7 0-1